| 000 | 00960nam a22002777a 4500 | ||
|---|---|---|---|
| 999 |
_c63650 _d63650 |
||
| 005 | 20240530110652.0 | ||
| 008 | 171214s2016 ua g 00| 0 ara d | ||
| 017 |
_a2015/25907 _bمصر. دار الكتب |
||
| 020 | _a9777800419 | ||
| 040 |
_aEG-CaGPL _cEG-CaGPL |
||
| 082 | 0 | 4 |
_221 _a131 / _bج ن |
| 100 | 1 | _aجوردون، جون | |
| 245 | 1 | 2 |
_aالنجار / _cتاليف جون جوردون ؛ تقديم كين بلانكارد ؛ ترجمة زكريا القاضى |
| 250 | _aط.1 | ||
| 260 |
_aالقاهرة : _bعالم الكتب ، _c2016. |
||
| 300 |
_a139 ص. ؛ _c16 سم. |
||
| 650 | 0 | 7 |
_2qrmak _aالنجاح |
| 650 | 0 | 7 |
_2qrmak _aتحقيق الذات |
| 650 | 0 | 7 |
_2qrmak _aالقدرات |
| 650 | 0 | 7 |
_2qrmak _aالرضا عن النفس |
| 651 | _2qrmak | ||
| 700 | 1 |
_aبلانكارد، كين _eمقدم |
|
| 700 | 0 |
_aزكريا القاضى _eمترجم |
|
| 942 |
_2ddc _cBK |
||